000 00386nam a2200145Ia 4500
008 151213s9999 xx 000 0 und d
100 _aErnest Heming Way
245 _aII - ( Notes )
_cErnest Heming Way
260 _aNew Delhi
_bKalyani Publication
_c1999
300 _a3567 p.
650 _aEnglish Literature
650 _aLiterature
700 _aErnest Heming Way
999 _c2370
_d2370